000 00384nam a22001697a 4500
003 MPLRDC
005 20220104125710.0
008 210129b ||||| |||| 00| 0 eng d
082 _a097 ZYCB
100 _a不详
245 _a四书读本
_c
260 _a
_b智扬出版社
_c1992
300 _b
490 _a国学基本丛书
650 _a四书
942 _cBK
_o097 ZYCB
999 _c29437
_d29427